| 000 | 006840000a22001810004500 | ||
|---|---|---|---|
| 003 | MACL | ||
| 005 | 20160528132934.0 | ||
| 008 | 160528b xxu||||| |||| 00| 0 eng d | ||
| 040 |
_aMACL _cMACL |
||
| 041 | _aHindi | ||
| 082 | _a891.433 MUN | ||
| 100 |
_aमुंशी, कन्हैयालाल माणिकलाल _960541 |
||
| 245 |
_aपाटन का प्रभुत्व _cकन्हैयालाल माणिकलाल मुंशी |
||
| 260 |
_bगंगा डिस्ट्रीब्यूटर्स _c2002 _aनई दिल्ली |
||
| 350 | _a200 | ||
| 650 |
_aNovel _960542 |
||
| 942 |
_cHIN _k891.433/MUN/N _2ddc |
||
| 999 |
_c10280 _d10280 |
||